| 000 | 00000nam 2200000zi 4500 |
| 001 | 9.934243 |
| 003 | CaOODSP |
| 005 | 20250109142504 |
| 006 | m o d f |
| 007 | cr mn||||||||| |
| 008 | 240221s1981 onca o f000 0 eng d |
| 040 | |aCaOODSP|beng|erda|cCaOODSP |
| 043 | |an-cn---|an-usu-- |
| 086 | 1 |aId32-9/1981E-PDF |
| 245 | 00|aSoutheastern wood products opportunity study / |cprepared for Government of Canada, Department of Industry, Trade and Commerce. |
| 264 | 1|aOttawa, Canada : |bGovernment of Canada, Industry, Trade and Commerce = Gouvernement du Canada, Industrie et commerce, |c1981. |
| 300 | |a1 online resource (1 volume (various pagings)) : |billustration |
| 336 | |atext|btxt|2rdacontent |
| 337 | |acomputer|bc|2rdamedia |
| 500 | |aIssued also in French under title: Débouchés pour les produits du bois dans les États du Sud-Est. |
| 500 | |a"April 27, 1981." |
| 500 | |a"Market studies of United States"--Cover. |
| 500 | |aConsultant: MacFarlane & Company Inc. |
| 500 | |aAddenda inserted. |
| 500 | |aDigitized edition from print [produced by Innovation, Science and Economic Development Canada]. |
| 650 | 0|aForest products industry|zCanada. |
| 650 | 0|aMarket surveys|zSouthern States. |
| 651 | 0|aCanada|xCommerce|zSouthern States. |
| 710 | 1 |aCanada. |bIndustry, Trade and Commerce, |eissuing body. |
| 775 | 08|tDébouchés pour les produits du bois dans les États du Sud-Est / |w(CaOODSP)9.946681 |
| 856 | 40|qPDF|s2.25 MB|uhttps://publications.gc.ca/collections/collection_2025/isde-ised/id32/Id32-9-1981-eng.pdf |